Asociácia súkromných škôl bude žiadať rovnaké dotácie pre všetkých žiakov a študentov
Rok 1989 otvoril cestu alternatívnym formám škôl. Vznik súkromných škôl. Vznik Asociácie súkromných škôl. Zlá finančná situácia súkromných škôl. Finančná diskriminácia súkromných škôl v porovnaní so štátnymi školami. Asociáciu len sporadicky prizývajú k tvorbe legislatívy. Problém v definovaní neštá...
Na minha lista:
| Autor principal: | |
|---|---|
| Formato: | Capítulo de Livro |
| Idioma: | eslovaco |
| Assuntos: | |
| Tags: |
Sem tags, seja o primeiro a adicionar uma tag!
|
MARC
| LEADER | 00000naa a2200000 4500 | ||
|---|---|---|---|
| 001 | r027129 | ||
| 005 | 20230921081222.4 | ||
| 041 | 0 | |a slo | |
| 044 | |a SK | ||
| 245 | 1 | 0 | |a Asociácia súkromných škôl bude žiadať rovnaké dotácie pre všetkých žiakov a študentov |c E. Reiselová |
| 520 | |a Rok 1989 otvoril cestu alternatívnym formám škôl. Vznik súkromných škôl. Vznik Asociácie súkromných škôl. Zlá finančná situácia súkromných škôl. Finančná diskriminácia súkromných škôl v porovnaní so štátnymi školami. Asociáciu len sporadicky prizývajú k tvorbe legislatívy. Problém v definovaní neštátnych škôl. Osobnosť učiteľa - záruka kvality školy. | ||
| 610 | 2 | 0 | |a školstvo |
| 610 | 2 | 0 | |a školy súkromné |
| 610 | 2 | 0 | |a financovanie |
| 610 | 2 | 0 | |a dotácie |
| 610 | 2 | 0 | |a študenti |
| 610 | 2 | 0 | |a učitelia |
| 610 | 2 | 0 | |a Slovensko |
| 100 | 1 | |a Reiselová, E. | |